000 00402cam a2200169 4500
001 D12768
008 090401t1960 xxu||||| |||| 00| 0 eng d
035 _a(Sirsi) u5603
041 _aeng
100 _aFoy, Frank J
245 _aReal estate administration: overseas fact finding tour
260 _aSydney
_bRESIV
_c1960
350 _a0
520 _aShelf 179
942 _n0
948 _c04/03/1997
999 _c86194
_d86194